[Event "10th American Continental"]
[Site "Montevideo URU"]
[Date "2015.05.17"]
[Round "4.76"]
[White "Nakle, Gonzalo"]
[Black "Torres Acosta, Raul"]
[Result "0-1"]
[WhiteElo "1737"]
[BlackElo "1677"]
[WhiteFideId "3002250"]
[BlackFideId "3006174"]
[EventDate "2015.05.15"]
[EventType "swiss"]

1. e4 e5 2. Nf3 Nc6 3. Bb5 d6 4. c3 f5 5. d3 Nf6 6. O-O Be7 7. Bg5 Bd7 8. Ba4 a6
9. Nbd2 h6 10. Bxf6 Bxf6 11. Re1 Qe7 12. exf5 Bxf5 13. Bxc6+ bxc6 14. d4 O-O 15.
dxe5 dxe5 16. Qe2 Rae8 17. Qc4+ Kh8 18. Ne4 Be6 19. Qxc6 Qf7 20. Rad1 Rd8 21.
Rxd8 Rxd8 22. Nxf6 gxf6 23. Qe4 Bd5 24. Qf5 Bxf3 25. Qxf3 Kg7 26. Qg3+ Qg6 27.
Qxg6+ Kxg6 28. b4 Rd2 29. a4 Rc2 30. g3 Rxc3 31. Re3 Rxe3 32. fxe3 Kf5 33. Kf2
e4 34. h3 Ke5 35. g4 Kd5 36. Kg3 Kc4 37. b5 axb5 38. a5 b4 39. Kh4 b3 40. Kh5 b2 0-1

[Event "10th American Continental"]
[Site "Montevideo URU"]
[Date "2015.05.18"]
[Round "5.1"]
[White "Bachmann, Axel"]
[Black "Santiago, Yago De Moura"]
[Result "1-0"]
[WhiteTitle "GM"]
[BlackTitle "IM"]
[WhiteElo "2636"]
[BlackElo "2400"]
[WhiteFideId "3700488"]
[BlackFideId "2103877"]
[EventDate "2015.05.15"]
[EventType "swiss"]

1. g3 g6 2. Bg2 Bg7 3. d4 d6 4. e4 Nf6 5. Nc3 O-O 6. Nge2 c6 7. O-O e5 8. a4 Na6
9. h3 Re8 10. a5 exd4 11. Nxd4 Nc5 12. Re1 d5 13. exd5 Rxe1+ 14. Qxe1 Nxd5 15.
Nxd5 cxd5 16. Be3 Ne6 17. Rd1 Nxd4 18. Bxd4 Bxd4 19. Rxd4 Be6 20. Qd2 Qf6 21. c4
dxc4 22. a6 Kg7 23. axb7 Rb8 24. Rd6 Qe7 25. Qd4+ Kg8 26. Qe5 1-0

[Event "10th American Continental"]
[Site "Montevideo URU"]
[Date "2015.05.18"]
[Round "5.2"]
[White "Iturrizaga Bonelli, Eduardo"]
[Black "El Debs, Felipe de Cresce"]
[Result "1/2-1/2"]
[WhiteTitle "GM"]
[BlackTitle "GM"]
[WhiteElo "2613"]
[BlackElo "2527"]
[WhiteFideId "3901211"]
[BlackFideId "2106981"]
[EventDate "2015.05.15"]
[EventType "swiss"]

1. c4 c6 2. Nf3 d5 3. e3 Nf6 4. Nc3 Bf5 5. Nh4 Bg4 6. Qb3 Qb6 7. h3 Be6 8. d4
dxc4 9. Bxc4 Bxc4 10. Qxc4 e6 11. O-O Be7 12. Nf3 O-O 13. e4 Qa6 14. Qb3 Nbd7
15. Bg5 h6 16. Bh4 Rfe8 17. Rac1 Qb6 18. Qc2 Bf8 19. Rfd1 Qa5 20. a3 Rac8 21. b4
Qc7 22. Bg3 Qd8 23. Na4 Nb8 24. Nc5 Qb6 25. Bxb8 Rxb8 26. e5 Nd5 27. Nd7 Qb5 28.
Nxb8 Rxb8 29. Rb1 a5 30. a4 Qb6 31. b5 Bb4 32. bxc6 Rc8 33. Rdc1 Rxc6 34. Qb3
Qc7 35. Rxc6 Qxc6 36. Kh2 g5 37. Rb2 b5 38. axb5 Qxb5 39. Rc2 a4 40. Rc8+ Kg7
41. Qc2 a3 42. Ra8 Qb7 43. Ra4 Qb5 44. Ra8 Qb7 45. Ra4 Qb5 1/2-1/2

[Event "10th American Continental"]
[Site "Montevideo URU"]
[Date "2015.05.18"]
[Round "5.3"]
[White "Cori, Jorge"]
[Black "Perez Ponsa, Federico"]
[Result "1-0"]
[WhiteTitle "GM"]
[BlackTitle "GM"]
[WhiteElo "2609"]
[BlackElo "2533"]
[WhiteFideId "3802272"]
[BlackFideId "117927"]
[EventDate "2015.05.15"]
[EventType "swiss"]

1. d4 Nf6 2. c4 e6 3. Nf3 Bb4+ 4. Bd2 a5 5. g3 d6 6. Bg2 Nbd7 7. O-O e5 8. e3 c6
9. Bc1 e4 10. Ng5 d5 11. c5 a4 12. a3 Ba5 13. Qxa4 Nf8 14. b4 h6 15. Nxf7 Kxf7
16. bxa5 N8h7 17. Nd2 Ng5 18. f3 Rxa5 19. Qb3 Rb5 20. Qc2 exf3 21. Nxf3 Nxf3+
22. Bxf3 Ra5 23. Bd2 Ra8 24. Qb3 Rf8 25. e4 Kg8 26. e5 Nh7 27. Be2 Qe7 28. Rxf8+
Nxf8 29. Rf1 Bh3 30. Rf2 Bc8 31. Bd1 Be6 32. a4 Bf7 33. Bc2 Kh8 34. g4 Ne6 35.
Qh3 Kg8 36. Qd3 Nf8 37. a5 Qh4 38. Qf3 Bg6 39. Bf5 Kh8 40. e6 Re8 41. Qg3 Qf6
42. g5 hxg5 43. Bxg5 Qxd4 44. Qh3+ Kg8 45. e7 Nh7 46. Bxg6 Nxg5 47. Qf5 Rxe7 48.
Qf8# 1-0

[Event "10th American Continental"]
[Site "Montevideo URU"]
[Date "2015.05.18"]
[Round "5.4"]
[White "Hevia Alejano, Carlos Antonio"]
[Black "Felgaer, Ruben"]
[Result "1/2-1/2"]
[WhiteTitle "IM"]
[BlackTitle "GM"]
[WhiteElo "2535"]
[BlackElo "2582"]
[WhiteFideId "3508811"]
[BlackFideId "107069"]
[EventDate "2015.05.15"]
[EventType "swiss"]

1. e4 c5 2. Nf3 Nc6 3. d4 cxd4 4. Nxd4 Nf6 5. Nc3 e5 6. Ndb5 d6 7. Bg5 a6 8. Na3
b5 9. Nd5 Be7 10. Bxf6 Bxf6 11. c4 b4 12. Nc2 O-O 13. g3 Bg5 14. Bg2 Qa5 15. O-O
Qc5 16. b3 a5 17. Qh5 Bd8 18. Rad1 a4 19. Nde3 axb3 20. axb3 Be6 21. Nf5 g6 22.
Qf3 Ra2 23. Nce3 Nd4 24. Nxd4 exd4 25. Nd5 Bxd5 26. exd5 Bb6 27. Qd3 Qa5 28. Rd2
Re8 29. Rb1 Bc5 30. Bf1 Kg7 31. Kg2 Qa3 32. Rc2 Ra1 33. Rcb2 Rxb1 34. Rxb1 Qa2
35. Kg1 Re7 36. Rd1 Qb2 37. Rb1 Qc3 38. Qd1 Ra7 39. Rc1 Qb2 40. Rb1 Qa2 41. Bd3
Qa5 42. Kg2 Qd8 43. Qc2 Qa8 44. h4 h5 45. Re1 Ra2 46. Qc1 Qd8 47. Re4 Qf6 48.
Rf4 Qe5 49. Re4 Qf6 50. Rf4 Qe5 1/2-1/2

[Event "10th American Continental"]
[Site "Montevideo URU"]
[Date "2015.05.18"]
[Round "5.6"]
[White "Mareco, Sandro"]
[Black "Shabalov, Alexander"]
[Result "1/2-1/2"]
[WhiteTitle "GM"]
[BlackTitle "GM"]
[WhiteElo "2581"]
[BlackElo "2523"]
[WhiteFideId "112275"]
[BlackFideId "2008572"]
[EventDate "2015.05.15"]
[EventType "swiss"]

1. Nf3 f5 2. c4 Nf6 3. Nc3 g6 4. d4 Bg7 5. g3 d6 6. Bg2 O-O 7. O-O Qe8 8. Re1 e5
9. dxe5 dxe5 10. e4 f4 11. Nd5 fxg3 12. hxg3 Nxd5 13. cxd5 1/2-1/2

[Event "10th American Continental"]
[Site "Montevideo URU"]
[Date "2015.05.18"]
[Round "5.7"]
[White "Supi, Luis Paulo"]
[Black "Granda Zuniga, Julio E"]
[Result "0-1"]
[WhiteTitle "IM"]
[BlackTitle "GM"]
[WhiteElo "2416"]
[BlackElo "2650"]
[WhiteFideId "2106388"]
[BlackFideId "3800024"]
[EventDate "2015.05.15"]
[EventType "swiss"]

1. d4 Nf6 2. c4 e6 3. Nc3 Bb4 4. e3 b6 5. Ne2 Bb7 6. a3 Be7 7. d5 d6 8. e4 e5 9.
Ng3 h5 10. Nf5 Bf8 11. Bg5 g6 12. Qa4+ Nbd7 13. c5 bxc5 14. Bb5 Bc8 15. Bc6 gxf5
16. Bxa8 Be7 17. exf5 Kf8 18. h4 a6 19. Bc6 Nb8 20. O-O-O Bxf5 21. f3 Nfd7 22.
Bxe7+ Qxe7 23. Bxd7 Qxd7 24. Qb3 Qc8 25. Ne4 Nd7 26. Qe3 Bg6 27. g4 Qd8 28. Rdg1
hxg4 29. Rxg4 Nf6 30. Rxg6 fxg6 31. Ng5 Ke7 32. Qd3 Qg8 33. Rd1 Rxh4 34. Qxa6
Qh8 35. Kc2 Rh2+ 36. Kb1 Qh5 37. Rg1 Rxb2+ 38. Kxb2 Qh2+ 39. Kb3 Qxg1 40. Ne4
Qb1+ 41. Ka4 Nxe4 42. fxe4 Qxe4+ 0-1

[Event "10th American Continental"]
[Site "Montevideo URU"]
[Date "2015.05.18"]
[Round "5.8"]
[White "Quesada Perez, Yuniesky"]
[Black "Molina, Roberto Junio Brito"]
[Result "1-0"]
[WhiteTitle "GM"]
[BlackTitle "IM"]
[WhiteElo "2645"]
[BlackElo "2455"]
[WhiteFideId "3504409"]
[BlackFideId "2109450"]
[EventDate "2015.05.15"]
[EventType "swiss"]

1. e4 c5 2. Nf3 e6 3. d4 cxd4 4. Nxd4 Nc6 5. Nc3 Qc7 6. f4 a6 7. Nxc6 Qxc6 8.
Bd3 b5 9. Qe2 Be7 10. a3 Bb7 11. Bd2 Rc8 12. O-O-O Nf6 13. g4 d5 14. exd5 Nxd5
15. Rhe1 Nxc3 16. Bxc3 O-O 17. g5 Rfd8 18. Kb1 Bf8 19. f5 exf5 20. Bxf5 Ra8 21.
Rd3 Rxd3 22. Qxd3 Qg2 23. Bxh7+ Kh8 24. Bf5 Qxh2 25. Be4 1-0

[Event "10th American Continental"]
[Site "Montevideo URU"]
[Date "2015.05.18"]
[Round "5.9"]
[White "Lenderman, Aleksandr"]
[Black "Cori T., Deysi"]
[Result "1-0"]
[WhiteTitle "GM"]
[BlackTitle "WGM"]
[WhiteElo "2636"]
[BlackElo "2431"]
[WhiteFideId "2021285"]
[BlackFideId "3801934"]
[EventDate "2015.05.15"]
[EventType "swiss"]

1. d4 Nf6 2. c4 g6 3. Nc3 d5 4. Nf3 Bg7 5. e3 O-O 6. Bd2 c6 7. Bd3 dxc4 8. Bxc4
b5 9. Bd3 Bb7 10. a4 b4 11. Ne4 Nxe4 12. Bxe4 Qd6 13. a5 Na6 14. O-O Rab8 15.
Qe2 c5 16. Bxb7 Rxb7 17. Rfc1 cxd4 18. exd4 Nc7 19. Qc4 Nd5 20. Qb3 Rb5 21. h4
e6 22. Qd3 a6 23. g3 Ne7 24. Qe4 Nf5 25. Rc6 Nxg3 26. fxg3 Qxg3+ 27. Kh1 Rf5 28.
Rf1 Qh3+ 29. Kg1 Bxd4+ 30. Qxd4 Qg3+ 31. Kh1 Rxf3 32. Rxf3 Qxf3+ 33. Kg1 Qg3+
34. Kf1 Qf3+ 35. Kg1 Qxc6 36. Bh6 f6 37. Qa7 1-0

[Event "10th American Continental"]
[Site "Montevideo URU"]
[Date "2015.05.18"]
[Round "5.10"]
[White "Paveto, Kevin"]
[Black "Cordova, Emilio"]
[Result "1-0"]
[WhiteTitle "FM"]
[BlackTitle "GM"]
[WhiteElo "2400"]
[BlackElo "2629"]
[WhiteFideId "173444"]
[BlackFideId "3801497"]
[EventDate "2015.05.15"]
[EventType "swiss"]

1. e4 d5 2. exd5 Qxd5 3. Nc3 Qd6 4. d4 Nf6 5. Nf3 g6 6. Nb5 Qd8 7. c4 Bg7 8. Be2
O-O 9. O-O Na6 10. h3 Ne4 11. Qc2 Nd6 12. Nxd6 cxd6 13. a3 Be6 14. Be3 Rc8 15.
Rac1 b5 16. c5 Nc7 17. b4 Bd5 18. Nd2 f5 19. f4 Ba8 20. Bxb5 Kh8 21. Bc4 e5 22.
dxe5 dxe5 23. Nf3 e4 24. Rcd1 Qe8 25. Nd4 Nd5 26. Bxd5 Bxd5 27. Nb5 Qxb5 28.
Rxd5 a5 29. Qd2 axb4 30. axb4 Rb8 31. Rb1 Rfc8 32. Bd4 Rb7 33. Bxg7+ Kxg7 34.
Qd4+ Kg8 35. Kh2 Re7 36. Rd8+ Rxd8 37. Qxd8+ Re8 38. Qd5+ Kg7 39. Qd4+ Kh6 40.
Re1 Qb8 41. Qf2 Qxb4 42. Ra1 Qb8 43. c6 Qd8 44. Ra7 e3 45. Qb2 Rg8 46. Qb7 Rh8
47. Qg7+ Kh5 48. Qxh7+ 1-0

[Event "10th American Continental"]
[Site "Montevideo URU"]
[Date "2015.05.18"]
[Round "5.12"]
[White "Choma, Ernani Francisco"]
[Black "Flores, Diego"]
[Result "0-1"]
[WhiteTitle "FM"]
[BlackTitle "GM"]
[WhiteElo "2361"]
[BlackElo "2567"]
[WhiteFideId "2106922"]
[BlackFideId "108049"]
[EventDate "2015.05.15"]
[EventType "swiss"]

1. Nf3 d5 2. c4 c6 3. g3 Nf6 4. Bg2 Bf5 5. cxd5 cxd5 6. Qb3 Nc6 7. Qxb7 Bd7 8.
Qb3 e5 9. d3 Rb8 10. Qd1 Bb4+ 11. Nfd2 h5 12. Nc3 Be6 13. Qa4 Qd7 14. a3 Bxc3
15. bxc3 h4 16. gxh4 e4 17. dxe4 Rxh4 18. f3 dxe4 19. Nxe4 Nxe4 20. fxe4 Kf8 21.
Be3 Qc7 22. Bf2 Rxh2 23. Rxh2 Qxh2 24. Qxc6 Rc8 25. Qa4 Qxg2 26. Qxa7 Qxe4 27.
Qd4 Qh1+ 28. Bg1 Kg8 29. Kd2 Qa8 30. Ke1 Re8 31. Rb1 Qxa3 32. Qb4 Qa2 33. Rb2
Qa8 34. Kf2 Bd5 35. Qf4 Qa1 36. Rd2 Be4 37. Rd4 Ba8 38. Qh4 Qxc3 39. Rd3 Qe5 40.
Qg4 Be4 41. Rb3 Re6 42. Qg3 Qd4+ 43. Ke1 Qa1+ 44. Kd2 Qa5+ 45. Qc3 Qg5+ 46. Qe3
Qd8+ 47. Ke1 Bc2 0-1

[Event "10th American Continental"]
[Site "Montevideo URU"]
[Date "2015.05.18"]
[Round "5.13"]
[White "Kaidanov, Gregory S"]
[Black "Pierrot, Facundo"]
[Result "1/2-1/2"]
[WhiteTitle "GM"]
[BlackTitle "IM"]
[WhiteElo "2566"]
[BlackElo "2377"]
[WhiteFideId "2008564"]
[BlackFideId "103250"]
[EventDate "2015.05.15"]
[EventType "swiss"]

1. d4 Nf6 2. c4 g6 3. Nf3 Bg7 4. e3 O-O 5. Be2 c5 6. d5 b5 7. cxb5 a6 8. Nc3 d6
9. O-O axb5 10. Bxb5 Ba6 11. Bxa6 Nxa6 12. e4 Qc7 13. Bf4 Nh5 14. Bg5 Rfb8 15.
Qd2 Qb7 16. Rab1 Qd7 17. Bh6 Bh8 18. Rfe1 Nc7 19. e5 Nb5 20. Nxb5 Rxb5 21. b3
Ng7 22. Re4 Nf5 23. Bf4 c4 24. exd6 cxb3 25. Rxb3 Nxd6 26. Rxb5 Nxb5 27. Be5 Nd6
28. Rb4 Bf6 29. g3 Qf5 30. Bxf6 Qxf6 31. Nd4 Kg7 32. a4 Qe5 33. Nb3 Nf5 34. f4
Qc7 35. Nd4 Qc5 36. Kf1 Qxd5 37. Nxf5+ Qxf5 38. Qd4+ f6 39. Qe4 Qxe4 40. Rxe4 e5
41. Rb4 exf4 42. gxf4 g5 43. Ke2 h5 44. Kf3 Kg6 45. h3 Ra5 46. fxg5 fxg5 47. Ke4
Kf6 48. Kd3 Ke6 49. Kc3 Kd6 50. Rb6+ 1/2-1/2

[Event "10th American Continental"]
[Site "Montevideo URU"]
[Date "2015.05.18"]
[Round "5.14"]
[White "Matamoros Franco, Carlos S."]
[Black "Quintiliano Pinto, Renato R."]
[Result "1-0"]
[WhiteTitle "GM"]
[BlackTitle "FM"]
[WhiteElo "2525"]
[BlackElo "2411"]
[WhiteFideId "3600017"]
[BlackFideId "2117568"]
[EventDate "2015.05.15"]
[EventType "swiss"]

1. c4 c5 2. Nf3 Nc6 3. d4 cxd4 4. Nxd4 Nf6 5. Nc3 e6 6. a3 Nxd4 7. Qxd4 b6 8.
Qf4 Bb7 9. e4 d6 10. Bd3 Nd7 11. Qg3 Ne5 12. Be2 h5 13. f4 h4 14. Qe3 Nd7 15. b4
a5 16. Rb1 Be7 17. O-O O-O 18. Rd1 axb4 19. axb4 Bc6 20. Bb2 Qb8 21. Kh1 Re8 22.
Qh3 Nf6 23. Bd3 Qb7 24. Re1 Nh5 25. Rf1 e5 26. Nd5 Bxd5 27. exd5 e4 28. Bxe4 Bf6
29. Bd3 Bxb2 30. Qxh4 Nf6 31. Rxb2 b5 32. cxb5 Qxd5 33. Rd2 Qb3 34. h3 Qxb4 35.
Rdd1 Ra3 36. Qg5 Re3 37. Bf5 Rab3 38. Rc1 Qxb5 39. Rc8+ Re8 40. Rfc1 Kf8 41. Qh4
Kg8 42. Rxe8+ Nxe8 43. Qh7+ Kf8 44. Re1 Nf6 45. Qh8+ Ng8 46. Bh7 Rxh3+ 47. gxh3
Qd5+ 48. Be4 Qd2 49. Qh4 1-0

[Event "10th American Continental"]
[Site "Montevideo URU"]
[Date "2015.05.18"]
[Round "5.15"]
[White "Muniz, Rafael"]
[Black "Di Berardino, Diego Rafael"]
[Result "0-1"]
[BlackTitle "IM"]
[WhiteElo "2281"]
[BlackElo "2489"]
[WhiteFideId "3000486"]
[BlackFideId "2105446"]
[EventDate "2015.05.15"]
[EventType "swiss"]

1. e4 c5 2. Nf3 e6 3. d4 cxd4 4. Nxd4 Nc6 5. Nc3 d6 6. Be3 Nf6 7. Be2 Be7 8. O-O
O-O 9. Kh1 a6 10. a4 Bd7 11. f4 Nxd4 12. Qxd4 Bc6 13. Bf3 Qc7 14. Qd2 b6 15.
Rae1 Rac8 16. Bd4 e5 17. Bf2 Rfe8 18. Bg3 b5 19. axb5 axb5 20. Rf2 Bf8 21. fxe5
dxe5 22. Nd5 Bxd5 23. exd5 Bd6 24. Rfe2 Qc4 25. b3 Qb4 26. Qg5 Qc3 27. Qf5 e4
28. Re3 Qd2 29. Bxd6 exf3 30. gxf3 h6 31. Rxe8+ Nxe8 32. Bg3 Ra8 33. Qe4 Nf6 34.
Qd3 Qxd3 35. cxd3 Nxd5 36. Re5 Rd8 37. Kg2 f6 38. Re4 Kf7 39. Re2 Nb4 40. Rd2
Rxd3 41. Re2 Rxb3 42. Bd6 Nd5 43. Kf2 Rd3 44. Rb2 Nc3 0-1

[Event "10th American Continental"]
[Site "Montevideo URU"]
[Date "2015.05.18"]
[Round "5.16"]
[White "Alonso, Salvador"]
[Black "Barros Rivadeneira, Cristhian"]
[Result "1-0"]
[WhiteTitle "GM"]
[BlackTitle "IM"]
[WhiteElo "2488"]
[BlackElo "2335"]
[WhiteFideId "105198"]
[BlackFideId "3609677"]
[EventDate "2015.05.15"]
[EventType "swiss"]

1. e4 c5 2. Nf3 Nc6 3. d4 cxd4 4. Nxd4 g6 5. Nc3 Bg7 6. Be3 Nf6 7. Bc4 O-O 8.
Bb3 d6 9. f3 Bd7 10. Qd2 Nxd4 11. Bxd4 b5 12. a3 a5 13. Nd5 Nxd5 14. Bxg7 Kxg7
15. exd5 e5 16. dxe6 Bxe6 17. O-O-O Bxb3 18. cxb3 Qf6 19. Kb1 Rfe8 20. Rhe1 Rxe1
21. Rxe1 Qf5+ 22. Ka2 a4 23. Qxd6 Qc2 24. bxa4 bxa4 25. Qd5 Ra6 26. Qd4+ Kh6 27.
Re4 g5 28. h4 1-0

[Event "10th American Continental"]
[Site "Montevideo URU"]
[Date "2015.05.18"]
[Round "5.17"]
[White "Rodriguez Vila, Andres"]
[Black "Acosta, Pablo Ismael"]
[Result "1/2-1/2"]
[WhiteTitle "GM"]
[BlackTitle "IM"]
[WhiteElo "2485"]
[BlackElo "2320"]
[WhiteFideId "3000010"]
[BlackFideId "124311"]
[EventDate "2015.05.15"]
[EventType "swiss"]

1. d4 Nf6 2. Nf3 e6 3. e3 c5 4. b3 b6 5. Bb2 Bb7 6. Bd3 Be7 7. dxc5 Bxc5 8. O-O
O-O 9. Nbd2 d5 10. a3 a5 11. c4 Nbd7 12. Qb1 dxc4 13. Nxc4 h6 14. e4 b5 15. Ncd2
Qb6 16. b4 axb4 17. axb4 Rxa1 18. Bxa1 Be7 19. Bd4 Qa6 20. Qb3 Qa4 21. Rb1 Qxb3
22. Rxb3 Rc8 23. h3 Bc6 24. Bb2 Nb6 25. Nd4 Nc4 26. Nxc6 Rxc6 27. Bc3 Rd6 28.
Bxc4 bxc4 29. Ra3 Rd3 30. f3 Nd5 31. exd5 exd5 32. Ra8+ Kh7 33. Re8 Bg5 34. Nxc4
dxc4 35. Be1 c3 36. Rc8 Rd1 37. Kf2 Bd2 38. Bxd2 cxd2 39. Rd8 Rb1 40. Rxd2 1/2-1/2

[Event "10th American Continental"]
[Site "Montevideo URU"]
[Date "2015.05.18"]
[Round "5.18"]
[White "Henriquez Villagra, Cristobal"]
[Black "Michailov, Matias"]
[Result "0-1"]
[WhiteTitle "IM"]
[WhiteElo "2478"]
[BlackElo "2137"]
[WhiteFideId "3409350"]
[BlackFideId "3001571"]
[EventDate "2015.05.15"]
[EventType "swiss"]

1. d4 Nf6 2. Nf3 g6 3. c4 Bg7 4. g3 O-O 5. Bg2 d6 6. O-O Nc6 7. d5 Na5 8. Nfd2
c5 9. Nc3 a6 10. a4 e6 11. Qc2 exd5 12. cxd5 Re8 13. Re1 c4 14. e4 Ng4 15. h3
Ne5 16. Rf1 Qc7 17. Rb1 Bd7 18. Ne2 Rac8 19. Kh2 Qc5 20. Nc3 Nd3 21. Nf3 Nb3 22.
Be3 Qb4 23. Bd2 Nxd2 24. Qxd2 b5 25. axb5 axb5 26. h4 Qb3 27. Bh3 Bxh3 28. Kxh3
b4 29. Nb5 Qa4 30. Nbd4 Qd7+ 31. Kh2 Rxe4 32. Nc6 Rce8 33. Ng1 b3 34. Ra1 Qf5
35. f3 Re3 36. Ra8 Rxa8 37. Qxe3 Qf6 0-1

[Event "10th American Continental"]
[Site "Montevideo URU"]
[Date "2015.05.18"]
[Round "5.19"]
[White "Aranha Filho, Alvaro Z."]
[Black "Vera Siguenas, Deivy"]
[Result "0-1"]
[WhiteTitle "FM"]
[BlackTitle "IM"]
[WhiteElo "2270"]
[BlackElo "2469"]
[WhiteFideId "2103931"]
[BlackFideId "3804623"]
[EventDate "2015.05.15"]
[EventType "swiss"]

1. d4 Nf6 2. c4 g6 3. g3 Bg7 4. Bg2 O-O 5. Nc3 d6 6. Nf3 Nc6 7. O-O a6 8. Bf4
Rb8 9. Rc1 Na5 10. Nd5 b5 11. Nxf6+ Bxf6 12. c5 Bb7 13. b3 e6 14. Qd2 Nc6 15.
cxd6 cxd6 16. e4 Ne7 17. e5 dxe5 18. dxe5 Bg7 19. Bg5 Qxd2 20. Nxd2 Nd5 21. Ne4
Bxe5 22. Nc5 Bc8 23. Bxd5 exd5 24. Rfe1 f6 25. Bh6 Rd8 26. f4 Bd6 27. Ne6 Bxe6
28. Rxe6 Kf7 29. f5 gxf5 30. Rxd6 Rxd6 31. Bf4 Rbd8 32. Bxd6 Rxd6 33. Kf2 d4 34.
Ke2 Kg6 35. Kd3 f4 36. gxf4 Kf5 37. Rf1 Kg4 38. f5 h5 39. Rg1+ Kxf5 40. Rg3 h4
41. Rg8 Kf4 42. Rg6 Kf5 43. Rg8 Re6 44. Rg2 h3 45. Rf2+ Kg4 46. Kxd4 f5 47. Kd3
f4 48. Rf1 f3 49. Rg1+ Kf4 50. Rg8 Rd6+ 0-1

[Event "10th American Continental"]
[Site "Montevideo URU"]
[Date "2015.05.18"]
[Round "5.20"]
[White "Mekhitarian, Krikor Sevag"]
[Black "Hernandez, Cristian Andres"]
[Result "1-0"]
[WhiteTitle "GM"]
[BlackTitle "IM"]
[WhiteElo "2572"]
[BlackElo "2250"]
[WhiteFideId "2107660"]
[BlackFideId "4402308"]
[EventDate "2015.05.15"]
[EventType "swiss"]

1. d4 Nf6 2. c4 e6 3. g3 Bb4+ 4. Bd2 c5 5. Bxb4 cxb4 6. Bg2 d5 7. Nd2 Nc6 8.
Ngf3 O-O 9. Rc1 Qa5 10. Qb3 Bd7 11. O-O Qb6 12. Qd3 h6 13. e4 dxe4 14. Nxe4 Nxe4
15. Qxe4 b3 16. a3 Rad8 17. Rfd1 Rfe8 18. Qf4 f6 19. Qe3 Na5 20. Nd2 Bc6 21.
Bxc6 bxc6 22. Ne4 Qc7 23. c5 Rd5 24. Nd6 Re7 25. f4 Nb7 26. Ne4 e5 27. dxe5 fxe5
28. Qxb3 Na5 29. Qa2 Kh8 30. Rxd5 cxd5 31. Qxd5 exf4 32. Nd6 fxg3 33. hxg3 Re3
34. Rf1 Rxg3+ 35. Kh2 Rg5 36. Rf8+ Kh7 37. Qe4+ Rg6 38. Qe8 1-0

[Event "10th American Continental"]
[Site "Montevideo URU"]
[Date "2015.05.18"]
[Round "5.21"]
[White "Genro, Guilherme"]
[Black "Gonzalez Vidal, Yuri"]
[Result "0-1"]
[BlackTitle "GM"]
[WhiteElo "2096"]
[BlackElo "2550"]
[WhiteFideId "2173654"]
[BlackFideId "3503321"]
[EventDate "2015.05.15"]
[EventType "swiss"]

1. Nf3 Nf6 2. b3 e6 3. Bb2 d5 4. e3 b6 5. Be2 Bb7 6. O-O Nbd7 7. c4 Bd6 8. d4
O-O 9. Nbd2 Qe7 10. Ne5 Rfd8 11. Qc2 c5 12. Rad1 Rac8 13. Qb1 Nf8 14. Rfe1 cxd4
15. exd4 Bb4 16. Rf1 Ng6 17. Nxg6 hxg6 18. Qa1 Ba6 19. Nf3 dxc4 20. Ne5 b5 21.
a3 Bd6 22. bxc4 bxc4 23. Rc1 Bxe5 24. dxe5 Nd5 25. Qa2 Nf4 26. Bxc4 Qg5 27. g3
Bb7 0-1

[Event "10th American Continental"]
[Site "Montevideo URU"]
[Date "2015.05.18"]
[Round "5.22"]
[White "Yermolinsky, Alex"]
[Black "Matsuura, Frederico"]
[Result "1-0"]
[WhiteTitle "GM"]
[BlackTitle "FM"]
[WhiteElo "2531"]
[BlackElo "2270"]
[WhiteFideId "2005492"]
[BlackFideId "2107848"]
[EventDate "2015.05.15"]
[EventType "swiss"]

1. d4 d5 2. c4 c6 3. Nf3 Nf6 4. Nc3 a6 5. e3 b5 6. b3 Bg4 7. Be2 e6 8. h3 Bh5 9.
g4 Bg6 10. Ne5 Bb4 11. Bd2 Nfd7 12. Nxg6 hxg6 13. e4 e5 14. exd5 exd4 15. Ne4
Qe7 16. Bxb4 Qxe4 17. f3 Qe5 18. Kf2 a5 19. Bd3 Kd8 20. Bd2 Nc5 21. Qc2 Nbd7 22.
Rae1 Nxd3+ 23. Qxd3 Nc5 24. Qc2 Qd6 25. Bg5+ f6 26. Qxg6 bxc4 27. Qxg7 Rf8 28.
Bh6 Nd3+ 29. Kg2 Nxe1+ 30. Rxe1 cxd5 31. Qxf8+ Qxf8 32. Bxf8 Kd7 33. Bh6 Kd6 34.
Bg7 a4 35. bxc4 dxc4 36. Bxf6 Kd5 37. Re5+ 1-0

[Event "10th American Continental"]
[Site "Montevideo URU"]
[Date "2015.05.18"]
[Round "5.23"]
[White "Terry, Renato"]
[Black "El Ters, Antouan"]
[Result "1-0"]
[WhiteTitle "FM"]
[WhiteElo "2464"]
[BlackElo "2208"]
[WhiteFideId "3803457"]
[BlackFideId "3000150"]
[EventDate "2015.05.15"]
[EventType "swiss"]

1. d4 Nf6 2. Nf3 e6 3. c4 Bb4+ 4. Bd2 Qe7 5. Nc3 O-O 6. Qc2 d5 7. e3 Nbd7 8. a3
Bxc3 9. Bxc3 Ne4 10. Bd3 Nxc3 11. bxc3 h6 12. O-O b6 13. cxd5 exd5 14. a4 a5 15.
Rae1 Bb7 16. Nd2 Nf6 17. f3 Ba6 18. Bxa6 Rxa6 19. e4 dxe4 20. fxe4 Raa8 21. e5
Nd5 22. Nf3 Rad8 23. Qb3 c6 24. Rc1 Qe6 25. Rfe1 Rfe8 26. c4 Nb4 27. Qc3 Rd7 28.
h3 Qf5 1-0

[Event "10th American Continental"]
[Site "Montevideo URU"]
[Date "2015.05.18"]
[Round "5.24"]
[White "Barbosa, Evandro Amorim"]
[Black "Caetano, Hugo Zanotti Mendonca"]
[Result "1-0"]
[WhiteTitle "IM"]
[WhiteElo "2438"]
[BlackElo "2199"]
[WhiteFideId "2115824"]
[BlackFideId "2119420"]
[EventDate "2015.05.15"]
[EventType "swiss"]

1. e4 c5 2. Nf3 d6 3. d4 cxd4 4. Nxd4 Nf6 5. Nc3 a6 6. h3 e5 7. Nde2 b5 8. g4
Bb7 9. Bg2 h6 10. O-O Nbd7 11. a4 b4 12. Nd5 Nxd5 13. exd5 Be7 14. Ng3 g6 15. a5
Nf6 16. f4 exf4 17. Bxf4 Qc7 18. Qd4 O-O-O 19. Be3 Rhe8 20. Ra4 Qc5 21. Qd2 Qc7
22. Rxb4 Nd7 23. Rb3 Kb8 24. Rc3 Nc5 25. b4 Bh4 26. Bf2 Bg5 27. Qd1 Ka8 28. bxc5
dxc5 29. Qd4 1-0